[Event "Mazowiec-chT 1112"]
[Site "Poland"]
[Date "2012.01.08"]
[Round "2.21"]
[White "Bajkowski, Marcin"]
[Black "Suliborski, Artur"]
[Result "1/2-1/2"]
[WhiteElo "1825"]
[BlackElo "1723"]
[PlyCount "50"]
[EventDate "2012.01.08"]
[EventType "team-tourn"]
[EventRounds "10"]
[EventCountry "POL"]
[SourceTitle "EXT 2019"]
[Source "ChessBase"]
[SourceDate "2018.10.10"]
[SourceVersion "1"]
[SourceVersionDate "2018.10.10"]
[SourceQuality "1"]

1. d4 e6 2. e4 d5 3. exd5 exd5 4. Bd3 Nc6 5. Nf3 Bd6 6. 0-0 Nge7 7. c3 Bg4 8. Re1 Qd7 9. Nbd2 0-0-0 10. b4 Rde8 11. a4 Ng6 12. Qb3 Rxe1+ 13. Nxe1 Nf4 14. Bf1 Re8 15. Ndf3 Ne2+ 16. Bxe2 Rxe2 17. Be3 Qe6 18. Kf1 Rxe3 19. fxe3 Qxe3 20. Qc2 Ne7 21. Qd3 Qxd3+ 22. Nxd3 Bxf3 23. gxf3 Bxh2 24. Kg2 Bd6 25. Rh1 h6 1/2-1/2